000 00854nam a22002537a 4500
005 20121105151334.0
008 121105t xxu||||| |||| 00| 0 eng d
010 _aENG-106159
020 _a9780071333269
_c499.00
020 _a0071333266
_c499.00
035 _aEN-89692
037 _bDBAD / PUB
040 _aDPL
_bEng
082 _a629.8
100 _aGopal, M.
_953534
245 _aControl systems :
_cby M. Gopal
_bprinciples and design /
250 _a4th ed
260 _aNew Delhi
_bTata McGraw-Hill
_c2012
270 _a7 West Patel Nagar
_bNew Delhi
_e110008
300 _axviii,878p. :
_c24cm(pbk)
_bill.
500 _aIncludes index
942 _2ddc
_cEN
_h629.8
_mGOP
999 _c71270
_d71270